Ceramic Materials : (Record no. 8358)

MARC details
000 -LEADER
fixed length control field 01088nac a22002531u 4500
008 - FIXED-LENGTH DATA ELEMENTS--GENERAL INFORMATION
fixed length control field 090430t xxu||||| |||| 00| 0 eng d
010 ## - LIBRARY OF CONGRESS CONTROL NUMBER
LC control number 2006938045
020 ## - INTERNATIONAL STANDARD BOOK NUMBER
International Standard Book Number 9780387462707 (hbk.)
020 ## - INTERNATIONAL STANDARD BOOK NUMBER
International Standard Book Number 0387462708 (hbk.)
020 ## - INTERNATIONAL STANDARD BOOK NUMBER
International Standard Book Number 0387462716
020 ## - INTERNATIONAL STANDARD BOOK NUMBER
International Standard Book Number 9780387462714
035 ## - SYSTEM CONTROL NUMBER
System control number (OCoLC)ocm77012326
082 00 - DEWEY DECIMAL CLASSIFICATION NUMBER
Classification number 620.14
Item number CAR
100 ## - MAIN ENTRY--PERSONAL NAME
Personal name Carter, C. Barry.
9 (RLIN) 4489
245 10 - TITLE STATEMENT
Title Ceramic Materials :
Remainder of title Science and Engineering /
Statement of responsibility, etc C. Barry Carter and M. Grant Norton.
260 ## - PUBLICATION, DISTRIBUTION, ETC. (IMPRINT)
Place of publication, distribution, etc New York :
Name of publisher, distributor, etc Springer,
Date of publication, distribution, etc c2007.
300 ## - PHYSICAL DESCRIPTION
Extent xxii, 716 p. :
Other physical details ill. ;
Dimensions 29 cm.
504 ## - BIBLIOGRAPHY, ETC. NOTE
Bibliography, etc Includes bibliographical references and index.
650 #0 - SUBJECT ADDED ENTRY--TOPICAL TERM
Topical term or geographic name as entry element Ceramic materials.
9 (RLIN) 4490
700 1# - ADDED ENTRY--PERSONAL NAME
Personal name Norton, M. Grant.
9 (RLIN) 4491
942 ## - ADDED ENTRY ELEMENTS (KOHA)
Item type Book - Borrowing
Call number prefix 620.14 CAR
Source of classification or shelving scheme Dewey Decimal Classification
Holdings
Withdrawn status Item status Source of classification or shelving scheme Damaged status Not for loan Vendor Home library Current library Shelving location Date acquired Source of acquisition Total Checkouts Full call number Barcode Date last seen Date last borrowed Koha item type Cost, normal purchase price Serial Enumeration / chronology
    Dewey Decimal Classification     Alahram Central Library Central Library First floor 30/04/2009   1 620.14 CAR 000010150 15/07/2025 16/08/2011 Book - Borrowing    
    Dewey Decimal Classification     Alahram Central Library Central Library First floor 30/04/2009   2 620.14 CAR 000016320 15/07/2025 22/02/2025 Book - Borrowing 640.00 360